Normal view
MARC view
Entry Topical Term
001 - CONTROL NUMBER
- control field: 29945
003 - CONTROL NUMBER IDENTIFIER
- control field: OSt
005 - DATE AND TIME OF LATEST TRANSACTION
- control field: 20260618095343.0
008 - FIXED-LENGTH DATA ELEMENTS
- fixed length control field: 260618|| aca||aabn | a|a d
040 ## - CATALOGING SOURCE
- Original cataloging agency: OSt
- Transcribing agency: OSt
150 ## - HEADING--TOPICAL TERM
- Topical term or geographic name entry element: Teacher Participation in administration United States
670 ## - SOURCE DATA FOUND
- Source citation: Work cat.: (OSt)24668: Lambert, Linda 29944, Leadership Capacity for Lasting School Improvment, 2003
